000 00706nam a22002417a 4500
001 29950
003 UA-OsUOA
005 20211129213036.0
007 ta
008 20041102b un ||||| |||| 00| 0 ukr d
040 _aUA-OsUOA
_bukr
_cUA-OsUOA
_dUA-OsUOA
041 _aukr
044 _aUA
080 _a908(477.81)
090 _a908(477.81)
_bШ65
100 _aШишко І.
245 _aЛипківські родоводи
_bісторико-краєзнавчі розповіді
_cІван Шишко ; ред. І. Пащук
260 _aРівне
_bВолинські обереги
_c2001
300 _a100 с.
_bІлюстрації
650 7 _2UDC
942 _cBK
_2udc
955 _a0
999 _c316350
_d316350